<?xml version="1.0" encoding="UTF-8"?><?xml-stylesheet type="text/xsl" href="static/style.xsl"?><OAI-PMH xmlns="http://www.openarchives.org/OAI/2.0/" xmlns:xsi="http://www.w3.org/2001/XMLSchema-instance" xsi:schemaLocation="http://www.openarchives.org/OAI/2.0/ http://www.openarchives.org/OAI/2.0/OAI-PMH.xsd"><responseDate>2026-06-29T01:19:22Z</responseDate><request verb="GetRecord" identifier="oai:docta.ucm.es:20.500.14352/128790" metadataPrefix="marc">https://docta.ucm.es/rest/oai/request</request><GetRecord><record><header><identifier>oai:docta.ucm.es:20.500.14352/128790</identifier><datestamp>2025-12-12T01:32:09Z</datestamp><setSpec>com_20.500.14352_14</setSpec><setSpec>col_20.500.14352_15</setSpec></header><metadata><record xmlns="http://www.loc.gov/MARC21/slim" xmlns:dcterms="http://purl.org/dc/terms/" xmlns:xsi="http://www.w3.org/2001/XMLSchema-instance" xmlns:doc="http://www.lyncode.com/xoai" xsi:schemaLocation="http://www.loc.gov/MARC21/slim http://www.loc.gov/standards/marcxml/schema/MARC21slim.xsd">
   <leader>00925njm 22002777a 4500</leader>
   <datafield ind2=" " ind1=" " tag="042">
      <subfield code="a">dc</subfield>
   </datafield>
   <datafield ind2=" " ind1=" " tag="720">
      <subfield code="a">Palomar García, Gemma</subfield>
      <subfield code="e">author</subfield>
   </datafield>
   <datafield ind2=" " ind1=" " tag="720">
      <subfield code="a">Fernández‑Chacón, Albert</subfield>
      <subfield code="e">author</subfield>
   </datafield>
   <datafield ind2=" " ind1=" " tag="720">
      <subfield code="a">Bosch, Jaime</subfield>
      <subfield code="e">author</subfield>
   </datafield>
   <datafield ind2=" " ind1=" " tag="260">
      <subfield code="c">2023-11-24</subfield>
   </datafield>
   <datafield ind2=" " ind1=" " tag="520">
      <subfield code="a">Chytridiomycosis, the disease caused by the fungal pathogen Batrachochytrium dendrobatidis (Bd), has been unambiguously implicated in the decline of amphibian populations worldwide. However, the impact of this devastating infectious disease can be difficult to gauge without empirical data on the population-level effects of Bd. Often, assessments of the amphibian chytridiomycosis panzootic are based primarily on expert opinions; as a result, declines in tropical areas are promptly attributed to Bd while its impact on temperate species not suffering from adult mass mortalities is frequently overlooked. Here, we investigated the survival probability in an amphibian species from a temperate area that until now has not been considered to be severely impacted by the disease. Specifically, we related individual survival to Bd infection status using long-term capture-mark-recapture data of male spiny common toads (Bufo spinosus) in Sierra de Guadarrama National Park in central Spain. Even though the study population has demonstrated potential for adaptation to Bd and die-offs of adult individuals have not been recorded, our results clearly indicated that the probability of survival was lower for Bd-positive individuals. Moreover, the probability of becoming Bd-positive was higher than the probability of clearance, driving the population to a slow but certain decline. These results are consistent with other indicators of a negative population trend and suggest that the impact of Bd on temperate species of less concern may be greater than previously thought.</subfield>
   </datafield>
   <datafield ind1="8" ind2=" " tag="024">
      <subfield code="a">Palomar, G., Fernández-Chacón, A., &amp; Bosch, J. (2022). Amphibian survival compromised by long-term effects of chytrid fungus. Biodiversity and Conservation, 32(3), 1–21. https://doi.org/10.1007/s10531-022-02525-3</subfield>
   </datafield>
   <datafield ind1="8" ind2=" " tag="024">
      <subfield code="a">10.1007/s10531-022-02525-3</subfield>
   </datafield>
   <datafield ind1="8" ind2=" " tag="024">
      <subfield code="a">https://hdl.handle.net/20.500.14352/128790</subfield>
   </datafield>
   <datafield ind1="8" ind2=" " tag="024">
      <subfield code="a">https://doi.org/10.1007/s10531-022-02525-3</subfield>
   </datafield>
   <datafield ind2="0" ind1="0" tag="245">
      <subfield code="a">Amphibian survival compromised by long‑term effects of chytrid fungus</subfield>
   </datafield>
</record></metadata></record></GetRecord></OAI-PMH>